000 01330cad a22002055a 4500
001 L156837
008 120718e2012 xxk 000 0 eng d
035 _a(Sirsi) u156837
041 0 _aeng
245 0 0 _aWestbrook Dolphin Square Ltd v Friends Life Ltd
_h[electronic resource]
260 _c2012
520 _a[2012] EWCA Civ 666, 18 May 2012. The appellant (W) appealed against a decision striking out its proceedings seeking a declaration that the tenants of flats were entitled to acquire the freehold from the respondent (F) pursuant to the Leasehold Reform, Housing and Urban Development Act 1993 s22. W had made a leasehold enfranchisement claim in 2007 which was withdrawn shortly before a High Court hearing in 2009. Respondent F argued that the 2012 claim was an abuse of process under Civil Procedure Rule (CPR) 38.7. "Held": appeal allowed. Second or subsequent enfranchisement notices are not an abuse of process as the 1993 Act overrides CPR 38.7.
590 _aKA
650 2 4 _aWESTBROOK DOLPHIN SQUARE LTD V FRIENDS LIFE LTD
650 2 4 _aLEASEHOLD REFORM, HOUSING AND URBAN DEVELOPMENT ACT 1993
651 4 _aENGLAND AND WALES
690 _aLandlord and tenant
_96252
856 4 0 _uhttps://www.bailii.org/ew/cases/EWCA/Civ/2012/666.html
_zView the law report free of charge at www.bailii.org
942 _n0
999 _c84168
_d84168